000 00446nam a22001577a 4500
008 180208b xxu||||| |||| 00| 0 spa d
020 _a84-7021-040-8
082 1 4 _214
_a617.07
100 1 _95230
_aMichans, Juan R.
245 1 0 _aPatología quirúrgica /
_cJuan R. Michans
250 _a3a. reimpr.
260 _aBarcelona :
_bEl Ateneo,
_c1981
300 _a2 tomos en 3 vols.
650 0 _2decs
_95231
_aPATOLOGIA QUIRURGICA
942 _2ddc
_cLIBRO
999 _c4094
_d4094
980 _81943
_gVALERIA BEATRIZ DOMÍNGUEZ